| Record ID | ia:menmarkingeorgi02nortgoog |
| Source | Internet Archive |
| Download MARC XML | https://archive.org/download/menmarkingeorgi02nortgoog/menmarkingeorgi02nortgoog_marc.xml |
| Download MARC binary | https://www.archive.org/download/menmarkingeorgi02nortgoog/menmarkingeorgi02nortgoog_meta.mrc |
LEADER: 01531cam 2200373Ia 4500
001 ocm07068994
003 OCoLC
005 20211128011830.0
008 810119m19071912gauc 001 0ceng d
010 $a 07034170
040 $aGYG$beng$cGYG$dOCL$dOCLCQ$dKRTAS$dOCLCF$dOCLCO$dOCLCQ$dOCLCO$dGILDS$dOCLCA$dOCLCQ$dOCL
035 $a(OCoLC)7068994
043 $an-us-ga
045 $av3x1
050 4 $aF285$b.N87 UDC
082 4 $a920.0758
245 00 $aMen of mark in Georgia :$ba complete and elaborate history of the state from its settlement to the present time, chiefly told in biographies and autobiographies of the most eminent men of each period of Georgia's progress and development /$cedited by William J. Northen.
260 $aAtlanta :$bA.B. Caldwell,$c1907-1912?, ©1906-[1912]
300 $a6 volumes :$bportraits ;$c25 cm
336 $atext$btxt$2rdacontent
337 $aunmediated$bn$2rdamedia
338 $avolume$bnc$2rdacarrier
500 $aIncludes index.
651 0 $aGeorgia$vBiography.
651 0 $aGeorgia$xHistory.
651 7 $aGeorgia.$2fast$0(OCoLC)fst01204622
655 7 $aBiographies.$2fast$0(OCoLC)fst01919896
655 7 $aHistory.$2fast$0(OCoLC)fst01411628
655 4 $aBiography.
700 1 $aNorthen, William J.,$d1835-1913.
776 08 $iOnline version:$tMen of mark in Georgia.$dAtlanta : A.B. Caldwell, 1907-1912?, ©1906-[1912]$w(OCoLC)667027604
938 $aKirtas Technologies, Inc.$bKRTS$n714712
994 $aZ0$bP4A
948 $hNO HOLDINGS IN P4A - 33 OTHER HOLDINGS